Días de ira/ (Registro nro. 97726)

Detalles MARC
000 -LEADER
campo de control de longitud fija 01257nam a2200397 i 4500
001 - NÚMERO DE CONTROL
campo de control MOR01000098053
003 - IDENTIFICADOR DE NÚMERO DE CONTROL
campo de control $$amxdfmo
005 - FECHA Y HORA DE LA ÚLTIMA TRANSACCIÓN
campo de control 20260331150043.0
008 - DATOS DE LONGITUD FIJA--INFORMACIÓN GENERAL
campo de control de longitud fija 131122s2008 nq g bi 000 0 spa d
020 ## - NÚMERO INTERNACIONAL ESTÁNDAR DEL LIBRO
Número Internacional Estándar del Libro 9789992437612
035 ## - NÚMERO DE CONTROL DEL SISTEMA
Número de control de sistema 132178
040 ## - FUENTE DE CATALOGACIÓN
Centro catalogador/agencia de origen mxcmmo
Lengua de catalogación spa
Centro/agencia transcriptor mxcmmo
Normas de descripción rda
041 0# - CÓDIGO DE IDIOMA
Código de lengua del texto/banda sonora o título independiente spa
043 ## - CÓDIGO DE ÁREA GEOGRÁFICA
Código de área geográfica ncnq---
082 04 - NÚMERO DE LA CLASIFICACIÓN DECIMAL DEWEY
Número de clasificación N862.5
Número de ítem LAC.d
100 1# - ENTRADA PRINCIPAL--NOMBRE DE PERSONA
Nombre de persona Lacayo, Hanzel
Fechas asociadas al nombre 1984-
Término indicativo de función/relación autor
9 (RLIN) 171511
245 10 - MENCIÓN DEL TÍTULO
Título Días de ira/
Mención de responsabilidad, etc. Hanzel Lacayo
264 #1 - PRODUCCIÓN, PUBLICACIÓN, DISTRIBUCIÓN, FABRICACIÓN Y COPYRIGHT
Producción, publicación, distribución, fabricación y copyright Managua:
Nombre del de productor, editor, distribuidor, fabricante Centro Nicaragüense de Escritores,,
Fecha de producción, publicación, distribución, fabricación o copyright 2008
300 ## - DESCRIPCIÓN FÍSICA
Extensión 100 páginas;
Dimensiones 21 cm
336 ## - TIPO DE CONTENIDO
Término de tipo de contenido texto
Código de tipo de contenido txt
Fuente rdacontent
337 ## - TIPO DE MEDIO
Nombre/término del tipo de medio sin medio
Código del tipo de medio n
Fuente rdamedia
338 ## - TIPO DE SOPORTE
Nombre/término del tipo de soporte volumen
Código del tipo de soporte nc
Fuente rdacarrier
490 0# - MENCIÓN DE SERIE
Mención de serie Colección Poesía
561 0# - PROPIEDAD E HISTORIA DE CUSTODIA/NOTA DE PROCEDENCIA
Historial Fondos Conacyt para el fortalecimiento del Doctorado
900 ## - ELEMENTOS DE DATOS A LOCAL, LDA (RLIN)
Nombre de persona CATY
Numeración 30
Títulos y otros términos asociados al nombre 20131128
Lenguaje de la obra MOR01
-- 0954
900 ## - ELEMENTOS DE DATOS A LOCAL, LDA (RLIN)
Nombre de persona CATY
Numeración 30
Títulos y otros términos asociados al nombre 20131128
Lenguaje de la obra MOR01
-- 0955
900 ## - ELEMENTOS DE DATOS A LOCAL, LDA (RLIN)
Nombre de persona CATY
Numeración 30
Títulos y otros términos asociados al nombre 20131128
Lenguaje de la obra MOR01
-- 1020
900 ## - ELEMENTOS DE DATOS A LOCAL, LDA (RLIN)
Nombre de persona KLASY
Numeración 30
Títulos y otros términos asociados al nombre 20131202
Lenguaje de la obra MOR01
-- 1219
900 ## - ELEMENTOS DE DATOS A LOCAL, LDA (RLIN)
Nombre de persona KLASY
Numeración 30
Títulos y otros términos asociados al nombre 20131202
Lenguaje de la obra MOR01
-- 1221
900 ## - ELEMENTOS DE DATOS A LOCAL, LDA (RLIN)
Nombre de persona KLASY
Numeración 30
Títulos y otros términos asociados al nombre 20131202
Lenguaje de la obra MOR01
-- 1226
900 ## - ELEMENTOS DE DATOS A LOCAL, LDA (RLIN)
Nombre de persona LUIS
Numeración 02
Títulos y otros términos asociados al nombre 20131122
Lenguaje de la obra MOR01
-- 1512
900 ## - ELEMENTOS DE DATOS A LOCAL, LDA (RLIN)
Nombre de persona LUIS
Numeración 02
Títulos y otros términos asociados al nombre 20131122
Lenguaje de la obra MOR01
-- 1512
900 ## - ELEMENTOS DE DATOS A LOCAL, LDA (RLIN)
Nombre de persona VOBO
Numeración 40
Títulos y otros términos asociados al nombre 20131204
Lenguaje de la obra MOR01
-- 1213
904 ## - ELEMENTOS DE DATOS D LOCAL, LDD (RLIN)
a UPDATE
942 ## - ELEMENTOS DE ENTRADA SECUNDARIOS (KOHA)
Código de la institución [OBSOLETO] BK
901 ## - ELEMENTOS DE DATOS A LOCAL LDA (RLIN)
a batch batch
Existencias
Estatus retirado Estado de pérdida Fuente del sistema de clasificación o colocación Estado de daño No para préstamo Colección Biblioteca de origen Biblioteca actual Ubicación en estantería Fecha de adquisición Fuente de adquisición Número de inventario Total de préstamos Signatura topográfica completa Código de barras Visto por última vez Precio de reemplazo Tipo de ítem Koha
    Clasificación Decimal Dewey     Libros (General) Biblioteca Instituto Mora Biblioteca Instituto Mora Regular 28/11/2013   124650   (G)/N862.5 LAC.d 33068001304631 03/09/2024 03/09/2024 Libro préstamo regular